Property Investment Valuation and Analysis (Record no. 4089)

MARC details
000 -LEADER
fixed length control field 00339nam a22001337a 4500
008 - FIXED-LENGTH DATA ELEMENTS--GENERAL INFORMATION
fixed length control field 250703b |||||||| |||| 00| 0 eng d
020 ## - INTERNATIONAL STANDARD BOOK NUMBER
ISBN 978027
100 ## - MAIN ENTRY--AUTHOR
Author ANIVS PhD MSc.
245 ## - TITLE STATEMENT
Title Property Investment Valuation and Analysis
260 ## - PUBLICATION, DISTRIBUTION, ETC. (IMPRINT)
Place of publication Ibadan Nigeria
Name of publisher De-Ayo
Date of publication 1997
300 ## - COLLATION
Pagination xiv, 251p.
942 ## - ADDED ENTRY ELEMENTS (KOHA)
Item type Books
050 ## - LIBRARY OF CONGRESS CALL NUMBER
Classification number HD1382
Item number .A53
Holdings
Source of classification or shelving scheme Not for loan Permanent location Current location Date acquired Accession No. Full call number Barcode. Koha item type
Library of Congress Classification   Samuel Ogbemudia Main Library, University of Abuja Samuel Ogbemudia Main Library, University of Abuja 07/03/2025 2001/020826 HD1382.A53 2025-2818 Books